Centenario del Quijote : (Record no. 189469)

MARC details
000 -LEADER
campo de control de longitud fija 00866nam a2200205 i 4500
001 - NÚMERO DE CONTROL
campo de control 189469
003 - IDENTIFICADOR DE NÚMERO DE CONTROL
campo de control ES-MaACL
005 - FECHA Y HORA DE LA ÚLTIMA TRANSACCIÓN
campo de control 20260305154014.0
008 - DATOS DE LONGITUD FIJA--INFORMACIÓN GENERAL
campo de control de longitud fija 190604s1905 sp |||| | spa d
245 00 - MENCIÓN DEL TÍTULO
Título Centenario del Quijote :
Resto del título (tercero de su publicación) en Vitoria : concurso literario.
260 ## - PUBLICACIÓN, DISTRIBUCIÓN, ETC.
Lugar de publicación, distribución, etc. [S.l.] :
Nombre del editor, distribuidor, etc. [s.n.],
Fecha de publicación, distribución, etc. 1905 (
Lugar de fabricación/manufactura Vitoria :
Fabricante Imp. Provincial)
300 ## - DESCRIPCIÓN FÍSICA
Extensión XXV, 527 p. ;
Dimensiones 23 cm.
500 ## - NOTA GENERAL
Nota general "Trabajos premiados que se editan por acuerdo de la Excma. Diputación Provincial"
530 ## - NOTA DISPONIBLE DE FORMULARIO FÍSICO ADICIONAL
Nota de formato físico adicional disponible Disponible en formato digital.
600 14 - PUNTO DE ACCESO ADICIONAL DE MATERIA--NOMBRE DE PERSONA
Nombre de persona Cervantes Saavedra, Miguel de,
Fechas asociadas al nombre 1547-1616.
Título de la obra Don Quijote de la Mancha-
Subdivisión de forma Aniversarios y centenarios
9 (RLIN) 37614
852 ## - LOCALIZACIÓN
Ubicación ES-MaACL
Número de control de estantería F-4048
Ubicación en estantería Depósito 2
856 4# - LOCALIZACIÓN Y ACCESO ELECTRÓNICOS
Identificador Uniforme de Recursos <a href="http://bdh-rd.bne.es/viewer.vm?id=0000196556&page=1 ">http://bdh-rd.bne.es/viewer.vm?id=0000196556&page=1 </a>
Texto de enlace Biblioteca Digital Hispánica
942 ## - ELEMENTOS DE ENTRADA SECUNDARIOS (KOHA)
Fuente del sistema de clasificación o colocación Clasificación decimal universal
Holdings
Estatus retirado Estado de pérdida Estado de daño No para préstamo Colección Biblioteca de origen Biblioteca actual Ubicación en estantería Fecha de adquisición Fuente de adquisición Total de préstamos Signatura topográfica completa Código de barras Visto por última vez Precio de reemplazo Tipo de ítem Koha
        Colección digital Biblioteca del Ateneo de Madrid Biblioteca del Ateneo de Madrid Depósito 2 04/06/2019     F-4048 1200753 23/02/2023 23/02/2023 Libro impreso